000 00196 a2200097 4500
020 _a9788496886353
041 _aspa
100 _aPart, Michael
245 _aEl Papa que ama el futbol
942 _cBK
999 _c13454
_d13454